Sports Quiz

Random Sports or Basketball Quiz

NCAA Men's Basketball Champs By State Quiz Stats

 Plays Quiz not verified by Sporcle

Challenge
Share
Tweet
Embed
Score 0/24 Timer 08:00
0 Plays Today
# Championships State % Correct
15California
97.1%
10North Carolina
93.7%
9Kentucky
79%
3Kansas
72%
5Indiana
69.1%
3Michigan
66.2%
2Florida
64.1%
3New York
61.6%
2Connecticut
56.3%
1Maryland
51.7%
1Arizona
50.3%
3Ohio
47.8%
# Championships State % Correct
1Nevada
46.3%
1Arkansas
44.8%
1Pennsylvania
44.4%
1Texas
39.1%
2Wisconsin
36%
1Washington DC
33.8%
1Oregon
33.1%
2Oklahoma
31.2%
1Illinois
30.3%
1Massachusetts
23.9%
1Utah
23.2%
1Wyoming
20.7%

You're not logged in!

Compare scores with friends on all Sporcle quizzes.
Join for Free
OR
Log In

You Might Also Like...

Show Comments

Extras

Top Quizzes Today


Score Distribution

Your Account Isn't Verified!

In order to create a playlist on Sporcle, you need to verify the email address you used during registration. Go to your Sporcle Settings to finish the process.

Report this User

Report this user for behavior that violates our Community Guidelines.

Details: